বিষয়বস্তু এড়িয়ে যান
VuFind
ভাষা
English
Deutsch
Español
Français
Italiano
日本語
Nederlands
Português
Português (Brasil)
中文(简体)
中文(繁體)
Türkçe
עברית
Gaeilge
Cymraeg
Ελληνικά
Català
Euskara
Русский
Čeština
Suomi
Svenska
polski
Dansk
slovenščina
اللغة العربية
বাংলা
Galego
Tiếng Việt
Hrvatski
हिंदी
সমস্ত ক্ষেত্রসমূহ
আখ্যা
লেখক
বিষয়
ডাক সংখ্যা
আইসবিএন/আইএসএসএন
ট্যাগ
অনুসন্ধান
বিস্তৃত
অনুসন্ধান
Avam
সাইট করুন
এই ই-মেইলটি
মুদ্রণ
নথি এক্সপোর্ট করুন
এক্সপোর্ট করুন RefWorks
এক্সপোর্ট করুন EndNoteWeb
এক্সপোর্ট করুন EndNote
permanent_link
লোডিং...
Avam
গ্রন্থ-পঞ্জীর বিবরন
বিন্যাস:
Printed Book
হোল্ডিংস
বিবরন
অনুরূপ উপাদানগুলি
স্টাফেদের বিবরণ দেখুন
LEADER
00262 a2200109 4500
020
260
942
|c
BK
|6
_
245
|a
Avam
100
999
|c
66263
|d
66263
952
|0
0
|1
0
|2
udc
|4
0
|6
_
|7
0
|8
FIC
|9
78583
|a
UL
|b
UL
|d
2013-02-11
|e
122
|g
0.00
|p
68997
|r
2013-02-11
|v
0.00
|w
2013-02-11
|y
BK
অনুরূপ উপাদানগুলি
Rajnay avam /
অনুযায়ী: Santhosh Singh, Bhagel
প্রকাশিত: (1969)
Avam Nirala /
অনুযায়ী: Pandey, Bhavdev
প্রকাশিত: (2004)
Avam Nirala/
অনুযায়ী: Bhavdev Pandey
প্রকাশিত: (2004)
Avam Nirala
অনুযায়ী: Bhavdev Pandey
প্রকাশিত: (2004)
Balmanovigyan avam naticshiksha /
অনুযায়ী: Gupta, Kamal
প্রকাশিত: (2008)
লোডিং...